000 01609cam a22004457a 4500
001 data
005 20260322212114.0
008 data
035 _a17125698
906 _a7
_bcbc
_ccopycat
_d2
_encip
_f20
_gy-gencatlg
925 0 _aacquire
_b1 shelf copy
_xpolicy default
925 1 _aacquire
_b2 shelf copies
_xpolicy default
955 _txk07 2013-10-24 c.2 to CALM
_wxl05 2013-12-02 (telework)
010 _a 2011287550
020 _a9781442407992
020 _a1442407999
035 _a(OCoLC)646113006
040 _aBTCTA
_beng
_cBTCTA
_dDLC
_dLKC
_dDLC
042 _alccopycat
050 0 0 _aQL791
_b.M9 2011
082 0 0 _a590
_223
245 0 0 _aMy animal friends.
250 _a1st Little Simon ed.
260 _aNew York :
_bLittle Simon,
_c2011.
300 _a1 v. (unpaged) :
_bcol. ill. ;
_c13 cm.
336 _atext
_btxt
_2rdacontent
337 _aunmediated
_bn
_2rdamedia
338 _avolume
_bnc
_2rdacarrier
490 1 _aSmiley world
500 _aCover title.
500 _aOn board pages.
650 0 _aAnimals
_vJuvenile fiction.
650 1 _aAnimals
_vFiction.
655 7 _aFiction.
_2lcgft
_0https://id.loc.gov/authorities/genreForms/gf2014026339
655 7 _aFiction.
_2lcgft
_0https://id.loc.gov/authorities/genreForms/gf2014026339
710 2 _aLittle Simon (Firm)
830 0 _aSmiley world.
856 4 2 _3Publisher description
_uhttp://www.loc.gov/catdir/enhancements/fy1308/2011287550-d.html
999 _c1722
_d1722